| 000 | 01011nam a2200241 a 4500 | ||
|---|---|---|---|
| 005 | 20160317141915.0 | ||
| 008 | 140317b1991 ag a fr|||| 00| 0 spa d | ||
| 040 |
_aCO-BoIAVH _cCO-BoIAVH |
||
| 041 | 0 | _aspa | |
| 044 | _aag | ||
| 082 | 0 | 4 |
_a333.7 _bH19p1 |
| 100 | 1 | _aHalloy, S. | |
| 245 | 1 | 0 |
_aPropuesta de una reserva de flora y fauna autoctonas en el área del Ojos del Salado (Catamarca-Argentina) limites, zonificación y manejo / _cS. Halloy, J. A. González y E. O. Villa |
| 260 |
_aTucumán : _bMinisterio de Educación y Justicia : _bFundación Miguel Lillo, _c1991. |
||
| 300 |
_a15 páginas : _bilustraciones ; _c28 x 18 centímetros |
||
| 490 | 0 |
_aConservación de la naturaleza ; _v5 |
|
| 650 | 6 |
_aReservas naturales _zCatamarca (Argentina) |
|
| 650 | 6 |
_aReservas naturales _xflora _zCatamarca (Argentina) |
|
| 650 | 6 |
_aReservas naturales _xfauna _zCatamarca (Argentina) |
|
| 700 | 1 | _aGonzález, J. A. | |
| 700 | 1 | _aLavilla, E. O. | |
| 942 |
_cFolleto _2ddc |
||
| 999 |
_c4833 _d4833 |
||